Movies Quiz

Random Movies or Comic Books Quiz

Same Role: Superhero Edition Quiz Stats

 Plays Quiz Updated Jun 6, 2018

Challenge
Share
Tweet
Embed
Score 0/54 Timer 07:00
0 Plays Today
% Correct
Christian Bale
90.9%
Ben Affleck
90.6%
George Clooney
86.6%
Heath Ledger
81.2%
Michael Keaton
80.8%
Tobey Maguire
79.7%
Patrick Stewart
77.8%
Jennifer Lawrence
77.5%
Andrew Garfield
75.9%
Christopher Reeve
75.8%
Val Kilmer
75.1%
Jack Nicholson
72.7%
Mark Ruffalo
70.6%
Edward Norton
68.8%
Halle Berry
67.9%
Henry Cavill
67%
Michael Caine
66.8%
Ian McKellen
66.1%
Anne Hathaway
66%
Michael Fassbender
63.4%
James McAvoy
62.8%
Amy Adams
59.6%
Gary Oldman
57.5%
Eric Bana
55.7%
Jesse Eisenberg
52%
Tom Holland
51.7%
Michelle Pfeiffer
51.1%
% Correct
Don Cheadle
50.6%
Kevin Spacey
50.3%
Tommy Lee Jones
49.5%
Katie Holmes
48.2%
Brandon Routh
48%
Marlon Brando
48%
Russell Crowe
47.7%
Jared Leto
47.6%
Rebecca Romijn
47.1%
Aaron Eckhart
45.7%
Maggie Gyllenhaal
44%
Gene Hackman
43.3%
Sally Field
40.8%
Marisa Tomei
39.5%
Jeremy Irons
39.1%
Terrence Howard
35.6%
Martin Sheen
35%
Liv Tyler
32.4%
Billy Dee Williams
29%
J. K. Simmons
25.9%
Margot Kidder
25.7%
Jennifer Connelly
20.9%
Kate Bosworth
20.7%
Cliff Robertson
12.8%
Michael Gough
12.6%
Rosemary Harris
12.3%
Pat Hingle
8.4%

You're not logged in!

Compare scores with friends on all Sporcle quizzes.
Join for Free
OR
Log In

You Might Also Like...

Show Comments

Extras

Top Quizzes Today


Score Distribution

Your Account Isn't Verified!

In order to create a playlist on Sporcle, you need to verify the email address you used during registration. Go to your Sporcle Settings to finish the process.

Report this User

Report this user for behavior that violates our Community Guidelines.

Details: